| Tag |
First Indicator |
Second Indicator |
Subfields |
| LEADER |
00000cam a2200000 4500 |
| 001 |
in00000084665 |
| 005 |
20151008053204.0 |
| 008 |
720524s1949 eng u |
| 010 |
|
|
|a 49007777
|
| 035 |
|
|
|a (OCoLC)00317035
|
| 035 |
|
|
|9 AAH6585AM
|
| 040 |
|
|
|c KSU
|d TXA
|d UtOrBLW
|
| 049 |
|
|
|a TXAM
|c 1 [168320], 2 [168321]
|
| 050 |
|
0 |
|a B821
|b .L3 1949
|
| 092 |
|
|
|a 144
|b L234h
|
| 100 |
1 |
|
|a Lamont, Corliss,
|d 1902-1995.
|
| 245 |
1 |
0 |
|a Humanism as a philosophy.
|
| 264 |
|
1 |
|a New York :
|b Philosophical Library,
|c [1949]
|
| 300 |
|
|
|a 368 pages :
|b frontispiece ;
|c 23 cm.
|
| 336 |
|
|
|a text
|b txt
|2 rdacontent
|
| 337 |
|
|
|a unmediated
|b n
|2 rdamedia
|
| 338 |
|
|
|a volume
|b nc
|2 rdacarrier
|
| 500 |
|
|
|a "An expansion and revision of a lecture course entitled, "The philosophy of naturalistic humanism' given...at Columbia University, 1946-1949."."
|
| 504 |
|
|
|a Bibliographical references included in "Notes" (pages 351-355) "Selected bibliography": pages 357-358.
|
| 650 |
|
0 |
|a Humanism.
|
| 999 |
|
|
|a MARS
|
| 999 |
f |
f |
|s 64828aa9-4a7a-336f-8b7e-f2d092ca699e
|i 95a2abc4-308c-3979-9d77-9288394737a8
|t 0
|
| 952 |
f |
f |
|p ric
|a Texas A&M University
|b Rellis Campus
|c Joint Library Facility
|s JLF
|d Remote Storage
|t 0
|e B821 .L3 1949
|h Library of Congress classification
|i unmediated -- volume
|m A14800518602
|
| 998 |
f |
f |
|a B821 .L3 1949
|t 0
|l Remote Storage
|